000 00431nam a22001337a 4500
040 _cNUST
082 _a220 PRO
100 _aMuhammad Helal Abdullah Khan Mayo
_9103948
110 _aAsst. Prof. Dr. Ahmed Rauf Subhani
_9103949
245 _aPR-SOF-2208-Design and Prototyping of a Serving Robot for a Hotel Environments
260 _aIslamabad:
_bNUST College of EME,
_c2022.
650 _aDE-ELECT-40
_9103514
942 _2ddc
_cPR
999 _c592568
_d592568